|
|
|
|
| LEADER |
00000nam a2200000 a 4500 |
| 001 |
vtls001456490 |
| 003 |
SK-MaSNL |
| 005 |
20260301104048.0 |
| 008 |
030710s1824 hu 0 lat |
| 035 |
|
|
|a SNK000411797
|
| 040 |
|
|
|a SNKHF
|b slo
|c SNK
|e AACR2
|
| 041 |
0 |
|
|a lat
|
| 044 |
|
|
|a hu
|c HU
|
| 072 |
|
7 |
|a 53
|x Fyzika
|2 konspekt
|
| 080 |
|
|
|a 53
|2 2011
|
| 100 |
1 |
|
|a Tomčáni, Adam
|d 1755-1831
|4 aut
|9 427503
|
| 245 |
1 |
|
|a Institutiones Physicae, Quas Compendio Dedit
|c Adamus Tomtsányi ...
|n pars III
|p Complectens Astronomiam, et Geographiam, Physicam, item Meteorologiam
|
| 250 |
|
|
|a Editio Secunda.
|
| 260 |
|
|
|a Pesthini
|b Typis Nobilis Joannis Thomae Trattner de Petróza
|c 1824
|
| 300 |
|
|
|a 168 s.
|b tab.
|c 21 x 14 cm
|
| 500 |
|
|
|a Dielo poškodené, chýba koniec textu
|
| 510 |
4 |
|
|a Petrik
|c III/654
|
| 562 |
|
|
|a Rukopisná poznámka: Pro usum Fratrum Clericorum
|
| 562 |
|
|
|a Rukopisná poznámka:Ambrósi Takáts - napísané ceruzkou
|
| 650 |
0 |
7 |
|a fyzika
|2 SNK
|9 816
|
| 710 |
2 |
|
|a Trattner-nyomda (Budapešť, Maďarsko),
|d 1783-1827
|4 prt
|9 159178
|
| 852 |
|
|
|a snk
|b SD 11193/3
|
| 958 |
|
|
|a ONDV
|
| 958 |
|
|
|a DF
|
| 999 |
|
|
|c 697145
|d 699075
|
| 952 |
|
|
|a SNK
|b SNK
|y PREZ
|7 0
|p 17A0516872
|o snkSD 11193/3 D2
|i snk2006/14368
|8 1
|0 0
|1 0
|4 0
|d 2006-07-20
|l 0
|r 2026-02-23 20:45:53
|w 2026-02-23
|
| 952 |
|
|
|a SNK
|b SNK
|y PREZ
|7 0
|p 17A0469496
|o snkSD 11193/3
|i snkF 3786/83
|3 rekatalogizácia
|0 0
|1 0
|4 0
|d 2005-05-18
|l 0
|r 2025-11-25 00:00:00
|w 2026-02-23
|
| 952 |
|
|
|a SNK
|b SNK
|y PREZ
|7 0
|p 17A0388923
|o snkSD 11193/3 D1
|i snkF 1187/85
|0 0
|1 0
|4 0
|d 2003-07-10
|l 0
|r 2005-01-02 00:00:00
|w 2026-02-23
|